Sex Model - PLK/Théodora - Statistiques

Statistiques générales
  • Ce quiz a été pris 138 fois
  • Le résultat moyen est 166 sur 336
Statistiques - réponses
Réponse % Correct
a
88%
à
88%
model
87%
Sex
87%
un
87%
Elle
84%
elle
84%
y
82%
de
81%
J'lui
81%
boulot
79%
est
79%
fais
77%
le
75%
personnel
75%
rien
75%
c'est
74%
du
74%
pirate
74%
une
73%
homme
71%
Mais
70%
mais
70%
sait
70%
d'un
69%
s'occuper
69%
sur
69%
la
68%
68%
me
66%
j'en
65%
J'suis
64%
j'suis
64%
les
62%
perds
62%
fatigué
61%
au
60%
j'reste
60%
même
60%
tél
60%
devenu
58%
bête
55%
l'sommeil
55%
p'têtre
53%
tout
53%
exceptionnelle
51%
et
48%
Et
48%
Eh
47%
pas
47%
veut
47%
par
44%
con
43%
l'monde
43%
maquillée
43%
marier
43%
Apprêtée
40%
sin-cou
40%
En
38%
en
38%
là-bas
36%
aime
34%
boîte
34%
soirs
32%
tous
32%
Avec
31%
Fe'Fe'
31%
Madame
31%
milliers
31%
nuit
31%
pleurs
31%
préfère
31%
que
31%
sentimental
31%
trop
31%
bronzé
30%
demandes
29%
sans
29%
d'gens
27%
fleurs
27%
J'la
27%
m'en
27%
qui
27%
qu'les
27%
vanillé
27%
accord
26%
Boss
26%
compte
26%
danger
26%
d'jà
26%
teint
26%
connais
25%
corps
25%
fessées
25%
Lady
25%
l'attention
25%
parlent
25%
bas
23%
flirter
23%
tu
23%
Tu
23%
veux
23%
baby
22%
moi
22%
peine
22%
pour
22%
cœurs
21%
Il
21%
sois
21%
vois
21%
cassé
19%
j'ai
19%
J'ai
19%
sexy
19%
acteurs
18%
étrangers
18%
Tanger
18%
t'es
18%
Dubaï
17%
pont
17%
son
17%
cornes
16%
ficelle
16%
Footeux
16%
loin
16%
triangle
16%
bébé
14%
dans
14%
J'le
14%
Marbe'
14%
comme
12%
rues
12%
toutes
12%
cordes
10%
d'corps
10%
j'veux
10%
nom
10%
zouaves
10%
l'bon
9%
Oui
9%
J'entends
8%
J'espère
8%
plaît
8%
s'te
8%
aux
6%
bien
6%
décor
6%
désaccords
6%
dit
6%
sors
6%
Text
6%
cadeau
5%
comble
5%
d'or
5%
nos
5%
t'aimes
5%
yeux
5%
j'aime
4%
m'vois
4%
Poule
4%
cause
3%
clin
3%
d'œil
3%
m'voit
3%
partout
3%
régler
3%
disques
1%
emballée
1%
J'viens
1%
'vec
1%
Aucun quiz correspondant
Distribution des résultats
% des personnes avec chaque résultat
Percentile par nombre de réponses
Votre historique - résultats
Vous n’avez pas pris ce quiz